000 00989pam a2200325 a 4500
001 1022170
003 OSt
005 20140310182331.0
008 881221s1989 vaua j 000 0 eng
010 _a 88036635
020 _a0809448491
020 _a0809448505 (lib. bdg.)
040 _aDLC
_cDLC
_dDLC
042 _alcac
050 0 0 _aQL 49
_b.An584 1993
082 0 0 _aGS 591
_bAn5 1989
245 0 0 _aAnimal friends /
260 _aAlexandia, Va. :
_bTime-Life Books,
_c1993.
300 _a87 p. :
_bcol. ill. ;
_c31 cm.
440 2 _aA Child's first library of learning
_921428
650 0 _aAnimals
_xMiscellanea
_xJuvenile literature.
_921429
650 0 _aPets
_xMiscellanea
_xJuvenile literature.
_921430
650 1 _aAnimals
_xMiscellanea.
_921431
650 1 _aPets
_xMiscellanea.
_921432
650 1 _aQuestions and answers.
_94945
710 2 _aTime-Life Books.
_99809
906 _a7
_bcbc
_corignew
_d1
_eocip
_f19
_gy-gencatlg
942 _2lcc
_cBK-GS
999 _c11983
_d11983